22 静岡県の市町村 人口順 - Statistics

General Stats
  • This quiz has been taken 6 times
  • The average score is 26 of 35
Answer Stats
順位 人口 市町村 % Correct
1 769,411 浜松市
100%
2 666,764 静岡市
100%
3 238,059 富士市
100%
4 179,866 沼津市
100%
5 161,709 磐田市
100%
7 132,134 焼津市
100%
9 112,215 掛川市
100%
6 136,078 藤枝市
83%
8 122,668 富士宮市
83%
10 102,658 三島市
83%
11 91,868 島田市
83%
13 81,844 御殿場市
83%
14 61,290 伊東市
83%
15 55,363 湖西市
83%
16 47,939 裾野市
83%
18 44,142 伊豆の国市
83%
20 40,292 牧之原市
83%
34 5,214 川根本町
83%
12 87,202 袋井市
67%
17 46,256 菊川市
67%
19 43,287 長泉町
67%
23 30,964 熱海市
67%
24 28,569 御前崎市
67%
26 25,581 伊豆市
67%
27 18,076 下田市
67%
30 10,514 東伊豆町
67%
32 6,034 河津町
67%
35 5,209 松崎町
67%
21 35,253 函南町
50%
22 31,057 清水町
50%
25 28,104 吉田町
50%
28 17,122 小山町
50%
31 7,016 南伊豆町
50%
33 6,025 西伊豆町
50%
29 16,142 森町
33%
No matching quizzes found
Score Distribution
Percent of People with Each Score
Percentile by Number Answered
Your Score History
You have not taken this quiz